Textbook of orthopaedics. (3rd ed.) (Record no. 32897)

MARC details
000 -LEADER
fixed length control field 00631nam a2200169 a 4500
008 - FIXED-LENGTH DATA ELEMENTS--GENERAL INFORMATION
fixed length control field 151214s2006 ||||||||||||||||| || u
020 ## - INTERNATIONAL STANDARD BOOK NUMBER
International Standard Book Number 8180615944
050 ## - LIBRARY OF CONGRESS CALL NUMBER
Classification number RD 31 Ebn
100 ## - MAIN ENTRY--PERSONAL NAME
Personal name Ebnezar, John
245 10 - TITLE STATEMENT
Title Textbook of orthopaedics. (3rd ed.)
Statement of responsibility, etc. By John Ebnezar
250 ## - EDITION STATEMENT
Edition statement 3rd ed.
260 ## - PUBLICATION, DISTRIBUTION, ETC.
Place of publication, distribution, etc. New Delhi
Name of publisher, distributor, etc. Jaypee Brothers Medical publishers
Date of publication, distribution, etc. 2006
300 ## - PHYSICAL DESCRIPTION
Extent xxi, 636p.: ill.
350 ## -
-- 24.40
650 ## - SUBJECT ADDED ENTRY--TOPICAL TERM
Topical term or geographic name entry element ORTHOPAEDICS--METHODS
995 ## -
-- MEDICAL LIBRARY OPEN ACCESS
-- 903204
-- CBU-SCHOOL OF MEDICINE LIBRARY (Ndola)
-- 24.40
-- RD 31 Ebn
-- 1
-- AVAILABLE
-- Dec 16, 2015
-- 903204
-- Medical Library Open Access Collection
999 ## -
-- 32897
-- 32897
Holdings
Withdrawn status Lost status Source of classification or shelving scheme Damaged status Not for loan Permanent Location Current Location Shelving location Date acquired Total Checkouts Full call number Barcode Date last seen Date last checked out Price effective from Koha item type
          CBU-SCHOOL OF MEDICINE LIBRARY, NDOLA. CBU-SCHOOL OF MEDICINE LIBRARY, NDOLA.   11/30/2022 1 RD 31 Ebn 903204 06/20/2024 06/06/2024 11/30/2022 MONOGRAPH